000 00381nam a2200157Ia 4500
005 20250423100246.0
008 250422s9999 xx 000 0 und d
020 _a0-201-54708-2
050 _aHG 173 .H8/
100 _aHubbard, R. Glenn
245 0 _aMoney the financial system and the economy
260 _aMass.
260 _bAddison Wesley
260 _c1994
942 _cBK
999 _c32758
_d32758